<?xml version="1.0" encoding="UTF-8"?>
<record
    xmlns:xsi="http://www.w3.org/2001/XMLSchema-instance"
    xsi:schemaLocation="http://www.loc.gov/MARC21/slim http://www.loc.gov/standards/marcxml/schema/MARC21slim.xsd"
    xmlns="http://www.loc.gov/MARC21/slim">

  <leader>02104nam0a2200385   4500</leader>
  <controlfield tag="001">RU\NLR\bibl\1325688</controlfield>
  <controlfield tag="005">20260406065348.0</controlfield>
  <datafield tag="010" ind1=" " ind2=" ">
    <subfield code="a">978-5-91180-873-0</subfield>
    <subfield code="9">3000</subfield>
  </datafield>
  <datafield tag="021" ind1=" " ind2=" ">
    <subfield code="a">RU</subfield>
    <subfield code="b">2008-98563</subfield>
    <subfield code="9">5784</subfield>
  </datafield>
  <datafield tag="035" ind1=" " ind2=" ">
    <subfield code="a">(nilc)EL/0000186832</subfield>
  </datafield>
  <datafield tag="035" ind1=" " ind2=" ">
    <subfield code="a">(NLR Aleph) 001310994</subfield>
  </datafield>
  <datafield tag="090" ind1=" " ind2=" ">
    <subfield code="a">679396</subfield>
    <subfield code="c">679396</subfield>
  </datafield>
  <datafield tag="100" ind1=" " ind2=" ">
    <subfield code="a">20080413d2008    |||y0rusy50      ca</subfield>
  </datafield>
  <datafield tag="101" ind1="0" ind2=" ">
    <subfield code="a">rus</subfield>
  </datafield>
  <datafield tag="102" ind1=" " ind2=" ">
    <subfield code="a">RU</subfield>
  </datafield>
  <datafield tag="105" ind1=" " ind2=" ">
    <subfield code="a">a   |||||||||</subfield>
  </datafield>
  <datafield tag="200" ind1="1" ind2=" ">
    <subfield code="a">&#x41E;&#x440;&#x433;&#x430;&#x43D;&#x438;&#x437;&#x430;&#x446;&#x438;&#x43E;&#x43D;&#x43D;&#x43E;&#x435; &#x43F;&#x43E;&#x432;&#x435;&#x434;&#x435;&#x43D;&#x438;&#x435;</subfield>
    <subfield code="e">&#x443;&#x447;&#x435;&#x431;&#x43D;&#x438;&#x43A; &#x434;&#x43B;&#x44F; &#x441;&#x442;&#x443;&#x434;&#x435;&#x43D;&#x442;&#x43E;&#x432; &#x432;&#x44B;&#x441;&#x448;&#x438;&#x445; &#x443;&#x447;&#x435;&#x431;&#x43D;&#x44B;&#x445; &#x437;&#x430;&#x432;&#x435;&#x434;&#x435;&#x43D;&#x438;&#x439;, &#x43E;&#x431;&#x443;&#x447;&#x430;&#x44E;&#x449;&#x438;&#x445;&#x441;&#x44F; &#x43F;&#x43E; &#x441;&#x43F;&#x435;&#x446;&#x438;&#x430;&#x43B;&#x44C;&#x43D;&#x43E;&#x441;&#x442;&#x438; 061100 "&#x41C;&#x435;&#x43D;&#x435;&#x434;&#x436;&#x43C;&#x435;&#x43D;&#x442; &#x43E;&#x440;&#x433;&#x430;&#x43D;&#x438;&#x437;&#x430;&#x446;&#x438;&#x438;"</subfield>
    <subfield code="f">[&#x412;.&#x413;. &#x410;&#x43D;&#x442;&#x43E;&#x43D;&#x43E;&#x432;, &#x434;.&#x44D;.&#x43D;., &#x43F;&#x440;&#x43E;&#x444;., &#x41D;.&#x412;. &#x411;&#x43E;&#x431;&#x44B;&#x43B;&#x435;&#x432;&#x430;, &#x434;&#x43E;&#x446;., &#x41E;.&#x41D;. &#x413;&#x440;&#x43E;&#x43C;&#x43E;&#x432;&#x430;, &#x434;.&#x44D;.&#x43D;., &#x43F;&#x440;&#x43E;&#x444;. &#x438; &#x434;&#x440;.]</subfield>
    <subfield code="g">&#x43F;&#x43E;&#x434; &#x440;&#x435;&#x434;. &#x413;.&#x420;. &#x41B;&#x430;&#x442;&#x444;&#x443;&#x43B;&#x43B;&#x438;&#x43D;&#x430;, &#x41E;.&#x41D;. &#x413;&#x440;&#x43E;&#x43C;&#x43E;&#x432;&#x43E;&#x439;</subfield>
  </datafield>
  <datafield tag="205" ind1=" " ind2=" ">
    <subfield code="a">2-&#x435; &#x438;&#x437;&#x434;., &#x434;&#x43E;&#x43F;. &#x438; &#x43F;&#x435;&#x440;&#x435;&#x440;&#x430;&#x431;.</subfield>
  </datafield>
  <datafield tag="210" ind1=" " ind2=" ">
    <subfield code="a">&#x421;&#x430;&#x43D;&#x43A;&#x442;-&#x41F;&#x435;&#x442;&#x435;&#x440;&#x431;&#x443;&#x440;&#x433; [&#x438; &#x434;&#x440;.]</subfield>
    <subfield code="c">&#x41F;&#x438;&#x442;&#x435;&#x440;</subfield>
    <subfield code="d">2008</subfield>
  </datafield>
  <datafield tag="215" ind1=" " ind2=" ">
    <subfield code="a">460 &#x441;.</subfield>
    <subfield code="c">&#x438;&#x43B;.</subfield>
    <subfield code="d">22</subfield>
  </datafield>
  <datafield tag="225" ind1="1" ind2=" ">
    <subfield code="a">&#x423;&#x447;&#x435;&#x431;&#x43D;&#x438;&#x43A; &#x434;&#x43B;&#x44F; &#x432;&#x443;&#x437;&#x43E;&#x432;</subfield>
  </datafield>
  <datafield tag="320" ind1=" " ind2=" ">
    <subfield code="a">&#x411;&#x438;&#x431;&#x43B;&#x438;&#x43E;&#x433;&#x440;.: &#x441;. 456-460 &#x438; &#x432; &#x43A;&#x43E;&#x43D;&#x446;&#x435; &#x433;&#x43B;.</subfield>
  </datafield>
  <datafield tag="606" ind1="1" ind2=" ">
    <subfield code="a">&#x41E;&#x440;&#x433;&#x430;&#x43D;&#x438;&#x437;&#x430;&#x446;&#x438;&#x43E;&#x43D;&#x43D;&#x43E;&#x435; &#x43F;&#x43E;&#x432;&#x435;&#x434;&#x435;&#x43D;&#x438;&#x435;</subfield>
    <subfield code="j">&#x423;&#x447;&#x435;&#x431;&#x43D;&#x438;&#x43A;&#x438; &#x434;&#x43B;&#x44F; &#x432;&#x44B;&#x441;&#x448;&#x438;&#x445; &#x443;&#x447;&#x435;&#x431;&#x43D;&#x44B;&#x445; &#x437;&#x430;&#x432;&#x435;&#x434;&#x435;&#x43D;&#x438;&#x439;</subfield>
    <subfield code="9">2078800</subfield>
    <subfield code="3">RU\NLR\auth\661254665</subfield>
  </datafield>
  <datafield tag="686" ind1=" " ind2=" ">
    <subfield code="a">88.59</subfield>
    <subfield code="v">LBC/RL</subfield>
    <subfield code="2">rubbk</subfield>
  </datafield>
  <datafield tag="686" ind1=" " ind2=" ">
    <subfield code="a">&#x421;550.373&#x44F;73</subfield>
  </datafield>
  <datafield tag="701" ind1=" " ind2="1">
    <subfield code="4">070</subfield>
    <subfield code="8">rus</subfield>
    <subfield code="7">ca</subfield>
    <subfield code="a">&#x410;&#x43D;&#x442;&#x43E;&#x43D;&#x43E;&#x432;</subfield>
    <subfield code="b">&#x412;.&#x413;.</subfield>
    <subfield code="c">&#x434;-&#x440; &#x44D;&#x43A;&#x43E;&#x43D;. &#x43D;&#x430;&#x443;&#x43A;</subfield>
    <subfield code="g">&#x412;&#x438;&#x43A;&#x442;&#x43E;&#x440; &#x413;&#x43B;&#x435;&#x431;&#x43E;&#x432;&#x438;&#x447;</subfield>
    <subfield code="3">RU\NLR\auth\7714910</subfield>
    <subfield code="9">124573</subfield>
  </datafield>
  <datafield tag="701" ind1=" " ind2="1">
    <subfield code="a">&#x411;&#x43E;&#x431;&#x44B;&#x43B;&#x435;&#x432;&#x430;</subfield>
    <subfield code="b">&#x41D;. &#x412;.</subfield>
    <subfield code="g">&#x41D;&#x438;&#x43D;&#x430; &#x412;&#x430;&#x441;&#x438;&#x43B;&#x44C;&#x435;&#x432;&#x43D;&#x430;</subfield>
    <subfield code="4">070</subfield>
  </datafield>
  <datafield tag="701" ind1=" " ind2="1">
    <subfield code="4">070</subfield>
    <subfield code="8">rus</subfield>
    <subfield code="7">ca</subfield>
    <subfield code="a">&#x413;&#x440;&#x43E;&#x43C;&#x43E;&#x432;&#x430;</subfield>
    <subfield code="b">&#x41E;. &#x41D;.</subfield>
    <subfield code="c">&#x434;-&#x440; &#x44D;&#x43A;&#x43E;&#x43D;. &#x43D;&#x430;&#x443;&#x43A;</subfield>
    <subfield code="g">&#x41E;&#x43B;&#x44C;&#x433;&#x430; &#x41D;&#x438;&#x43A;&#x43E;&#x43B;&#x430;&#x435;&#x432;&#x43D;&#x430;</subfield>
    <subfield code="3">RU\NLR\auth\7774191</subfield>
    <subfield code="9">57119</subfield>
  </datafield>
  <datafield tag="702" ind1=" " ind2="1">
    <subfield code="4">340</subfield>
    <subfield code="8">rus</subfield>
    <subfield code="7">ca</subfield>
    <subfield code="a">&#x41B;&#x430;&#x442;&#x444;&#x443;&#x43B;&#x43B;&#x438;&#x43D;</subfield>
    <subfield code="b">&#x413;. &#x420;.</subfield>
    <subfield code="g">&#x413;&#x430;&#x431;&#x434;&#x435;&#x43B;&#x44C;&#x430;&#x445;&#x430;&#x442; &#x420;&#x430;&#x448;&#x438;&#x434;&#x43E;&#x432;&#x438;&#x447;</subfield>
    <subfield code="3">RU\NLR\auth\7781318</subfield>
    <subfield code="9">64246</subfield>
  </datafield>
  <datafield tag="801" ind1=" " ind2="0">
    <subfield code="a">RU</subfield>
    <subfield code="b">&#x41A;&#x435;&#x43C;&#x435;&#x440;&#x43E;&#x432;&#x441;&#x43A;&#x430;&#x44F; &#x41E;&#x41D;&#x411;</subfield>
    <subfield code="c">20080413</subfield>
    <subfield code="g">rcr</subfield>
  </datafield>
  <datafield tag="801" ind1=" " ind2="1">
    <subfield code="a">RU</subfield>
    <subfield code="b">&#x41A;&#x435;&#x43C;&#x435;&#x440;&#x43E;&#x432;&#x441;&#x43A;&#x430;&#x44F; &#x41E;&#x41D;&#x411;</subfield>
    <subfield code="c">20080413</subfield>
  </datafield>
  <datafield tag="801" ind1=" " ind2="2">
    <subfield code="a">RU</subfield>
    <subfield code="b">NLR</subfield>
    <subfield code="c">20090205</subfield>
    <subfield code="g">rcr</subfield>
  </datafield>
  <datafield tag="942" ind1=" " ind2=" ">
    <subfield code="c">BOOK</subfield>
  </datafield>
  <datafield tag="980" ind1=" " ind2=" ">
    <subfield code="a">NB</subfield>
  </datafield>
  <datafield tag="995" ind1=" " ind2=" ">
    <subfield code="5">2009-02-05</subfield>
    <subfield code="a">ad</subfield>
    <subfield code="b">NLR01</subfield>
    <subfield code="c">NLR01</subfield>
    <subfield code="e">RF9</subfield>
    <subfield code="f">1-89606</subfield>
    <subfield code="k">2009-5/1133</subfield>
    <subfield code="o">0</subfield>
    <subfield code="r">BOOK</subfield>
    <subfield code="s">200951133_</subfield>
  </datafield>
  <datafield tag="995" ind1=" " ind2=" ">
    <subfield code="5">2009-02-05</subfield>
    <subfield code="a">ad</subfield>
    <subfield code="b">NLR01</subfield>
    <subfield code="c">NLR01</subfield>
    <subfield code="e">RF9</subfield>
    <subfield code="f">2845978</subfield>
    <subfield code="k">2009-5/1133</subfield>
    <subfield code="o">0</subfield>
    <subfield code="r">BOOK</subfield>
    <subfield code="s">200951133_</subfield>
  </datafield>
</record>
